| 000 | 00850caa a2200241u 4500 | ||
|---|---|---|---|
| 001 | 1152 | ||
| 003 | BD-RjUL | ||
| 005 | 20211208233301.0 | ||
| 008 | 140216s1953 enk|||||||||||| ||eng| | ||
| 035 | _a(BD-RjUL)1174 | ||
| 040 |
_aDLC _cCarP _dDLC _dBD-RjUL _beng |
||
| 041 | _aeng | ||
| 082 | 0 | 0 |
_a016.091 _bBOS 1953 _221 |
| 110 |
_aBodleian Library. _952616 |
||
| 245 | 0 | 0 |
_aA summary catalogue of Western manuscripts in the Bodleian Library at Oxford . _nVolume I : _pHistorical introduction and Conspectus of Shelf-Marks / _cBodleian Library, Oxford ; edited by R. W. Hunt. |
| 260 |
_aOxford : _bClarendon Press, _c1953. |
||
| 300 |
_a lxxiv, 141 p. ; _c22 cm. |
||
| 650 | 0 |
_aManuscripts _xCatalogs. _zGreat Britain _92418 |
|
| 700 | 1 |
_aHunt, Richard William, ed. _d1908- _93413 |
|
| 942 |
_2ddc _cBK |
||
| 999 |
_c1152 _d1152 |
||